[Event "2. Koege Weekend EMT 2021"]
[Site "Koge"]
[Date "2021.05.14"]
[Round "1"]
[White "Bjerre, Jonas Buhl"]
[Black "Eriksson, Christian Altenburg"]
[Result "1-0"]
[WhiteElo "2557"]
[BlackElo "2142"]
[PlyCount "65"]
[EventDate "2021.05.14"]
[EventType "swiss"]
[EventRounds "5"]
[EventCountry "DEN"]

1. d4 Nf6 2. c4 c5 3. d5 b5 4. cxb5 a6 5. bxa6 Bxa6 6. Nc3 g6 7. Nf3 d6 8. e4
Bxf1 9. Kxf1 Bg7 10. g3 O-O 11. Kg2 Qb6 12. Qe2 Na6 13. Rb1 Nd7 14. Bg5 h6 15.
Be3 Nc7 16. Qd2 Kh7 17. h4 Nf6 18. h5 Ng4 19. hxg6+ fxg6 20. Bf4 h5 21. Rbe1 c4
22. Re2 Ne5 23. Nxe5 dxe5 24. Bg5 Rf7 25. Qe3 Qxe3 26. Bxe3 Kg8 27. Rc1 Ne8 28.
a3 Nd6 29. Bc5 Bh6 30. Rcc2 Rc8 31. Bxd6 exd6 32. Nb5 Bf8 33. b4 1-0

[Event "2. Koege Weekend EMT 2021"]
[Site "Koge"]
[Date "2021.05.14"]
[Round "1"]
[White "Moe, Mogens"]
[Black "Boe Olsen, Filip"]
[Result "0-1"]
[WhiteElo "2154"]
[BlackElo "2398"]
[PlyCount "50"]
[EventDate "2021.05.14"]
[EventType "swiss"]
[EventRounds "5"]
[EventCountry "DEN"]

1. e4 c6 2. d4 d5 3. exd5 cxd5 4. c4 Nf6 5. Nc3 g6 6. Qb3 Bg7 7. cxd5 O-O 8.
Nge2 Nbd7 9. g3 Nb6 10. Bg2 Bf5 11. Bg5 Bd3 12. O-O-O Bc4 13. Qa3 Qc8 14. Rhe1
Nfxd5 15. Bxe7 Re8 16. Bc5 Qf5 17. Nxd5 Nxd5 18. Nc3 Bh6+ 19. f4 Nxf4 20. Be4
Ne2+ 21. Kb1 Nxc3+ 22. Qxc3 Rxe4 23. g4 Rxe1+ 24. gxf5 Rxd1+ 25. Kc2 Rc1# 0-1

[Event "2. Koege Weekend EMT 2021"]
[Site "Koge"]
[Date "2021.05.14"]
[Round "1"]
[White "Bromann, Thorbjorn"]
[Black "Nilssen, Ellen Fredericia"]
[Result "1-0"]
[WhiteElo "2392"]
[BlackElo "2121"]
[PlyCount "71"]
[EventDate "2021.05.14"]
[EventType "swiss"]
[EventRounds "5"]
[EventCountry "DEN"]

1. d4 d5 2. Bg5 f6 3. Bh4 Nc6 4. e3 Bf5 5. Nf3 Qd7 6. a3 e6 7. c4 g5 8. Bg3 h5
9. h4 g4 10. Nfd2 Bd6 11. Bxd6 Qxd6 12. Nc3 Nge7 13. b4 g3 14. f3 e5 15. cxd5
Nxd5 16. Nc4 Qd7 17. Nxd5 Qxd5 18. b5 Nxd4 19. exd4 O-O-O 20. Ne3 Qd7 21. Nxf5
Qxf5 22. Bd3 e4 23. Bxe4 Rhe8 24. Qd3 Kb8 25. O-O-O Qf4+ 26. Qd2 Qd6 27. Qb4
Qf4+ 28. Qd2 Qd6 29. Qc3 Qf4+ 30. Kb1 f5 31. Bd3 Rxd4 32. Bc2 c5 33. Qxc5 Rc4
34. Qd6+ Qxd6 35. Rxd6 Rc5 36. Bd3 1-0

[Event "2. Koege Weekend EMT 2021"]
[Site "Koge"]
[Date "2021.05.14"]
[Round "1"]
[White "Liu, Casper Yukun"]
[Black "Nielsen, Viktor Haarmark"]
[Result "0-1"]
[WhiteElo "2127"]
[BlackElo "2293"]
[PlyCount "76"]
[EventDate "2021.05.14"]
[EventType "swiss"]
[EventRounds "5"]
[EventCountry "DEN"]

1. d4 Nf6 2. Bf4 d5 3. e3 c5 4. Nf3 Nc6 5. Nbd2 Qb6 6. dxc5 Qxb2 7. Bd3 Qc3 8.
Rb1 e6 9. O-O Qxc5 10. e4 Be7 11. Rb5 Qa3 12. Nb1 Qxa2 13. Nc3 Qa3 14. exd5
Qxc3 15. Bd2 Qa3 16. Rb3 Qd6 17. dxc6 bxc6 18. Bc3 a5 19. Qa1 O-O 20. Rd1 Qc7
21. Be5 Qa7 22. Nd4 Bd7 23. Rdb1 Qc5 24. Nf3 a4 25. Rb7 Rfd8 26. Bd4 Qa3 27.
Bxf6 gxf6 28. Qd4 Bc8 29. Qg4+ Kh8 30. Rc7 Rxd3 31. cxd3 Qd6 32. Qg3 e5 33.
Rxc8+ Rxc8 34. Nh4 Qe6 35. Qf3 a3 36. Nf5 a2 37. Rf1 Rb8 38. Qg4 Bf8 0-1

[Event "2. Koege Weekend EMT 2021"]
[Site "Koge"]
[Date "2021.05.14"]
[Round "1"]
[White "Jacobsen, Mikkel Manosri"]
[Black "Easwaralingam, Adesh"]
[Result "1-0"]
[WhiteElo "2286"]
[BlackElo "2150"]
[PlyCount "97"]
[EventDate "2021.05.14"]
[EventType "swiss"]
[EventRounds "5"]
[EventCountry "DEN"]

1. d4 Nf6 2. Nc3 d5 3. Bg5 e6 4. e4 dxe4 5. Nxe4 Be7 6. Bxf6 Bxf6 7. Nf3 b6 8.
c3 Bb7 9. Bb5+ Bc6 10. Bxc6+ Nxc6 11. Qa4 Qd5 12. Nxf6+ gxf6 13. O-O-O b5 14.
Qb3 Ne7 15. Rhe1 Rg8 16. Qxd5 Nxd5 17. g3 O-O-O 18. Kc2 c6 19. Re4 Kc7 20. Rh4
Rg7 21. Ne1 Ne7 22. a4 f5 23. Nd3 Ng6 24. Rh6 Kb6 25. Ra1 a5 26. b4 bxa4 27.
bxa5+ Kxa5 28. Nc5 Kb6 29. Nxa4+ Kc7 30. Nc5 Nf8 31. Rxe6 Nxe6 32. Nxe6+ fxe6
33. Ra7+ Kd6 34. Rxg7 Rh8 35. Kd3 h5 36. c4 c5 37. d5 exd5 38. Rg6+ Ke7 39.
cxd5 Ra8 40. Rg5 Kf6 41. Rxh5 Ra3+ 42. Kc4 Rf3 43. Kxc5 Rxf2 44. Rh6+ Ke7 45.
d6+ Kd7 46. Kd5 Re2 47. Rh7+ Kd8 48. h4 Re3 49. Rg7 1-0

[Event "2. Koege Weekend EMT 2021"]
[Site "Koge"]
[Date "2021.05.14"]
[Round "1"]
[White "Kakulidis, Ellen"]
[Black "Ramsdal, Jens Albert"]
[Result "1/2-1/2"]
[WhiteElo "2103"]
[BlackElo "2267"]
[PlyCount "109"]
[EventDate "2021.05.14"]
[EventType "swiss"]
[EventRounds "5"]
[EventCountry "DEN"]

1. d4 Nf6 2. g3 d5 3. Nf3 Bg4 4. Ne5 Bf5 5. Bg2 e6 6. c4 c6 7. O-O Nbd7 8. cxd5
exd5 9. Nc3 Nxe5 10. dxe5 Nd7 11. e4 dxe4 12. Qe2 Nxe5 13. Nxe4 Qd3 14. Re1
O-O-O 15. Bg5 Qxe2 16. Rxe2 Bg4 17. Bxd8 Bxe2 18. Ba5 f5 19. Re1 Bh5 20. Ng5
Bd6 21. Bc3 Re8 22. Nxh7 Nf3+ 23. Bxf3 Rxe1+ 24. Bxe1 Bxf3 25. Ng5 Bd5 26. Bc3
g6 27. a3 b5 28. Kf1 c5 29. b4 cxb4 30. Bxb4 Bxb4 31. axb4 a5 32. bxa5 b4 33.
Ke1 Kb7 34. Kd2 Ka6 35. Kc2 Kxa5 36. Kb2 Kb5 37. Nh3 Kc4 38. Nf4 Bf7 39. h4 Kd4
40. Ne2+ Ke4 41. Ng1 Bd5 42. Kc2 Bc4 43. Nh3 Kf3 44. Kb2 Bg8 45. Kc2 Kg2 46.
Nf4+ Kxf2 47. Nxg6 Kxg3 48. Ne7 f4 49. Nxg8 f3 50. Nf6 Kf4 51. Nd5+ Ke4 52.
Nf6+ Kf5 53. Nd5 f2 54. Ne3+ Kf4 55. Nf1 1/2-1/2

[Event "2. Koege Weekend EMT 2021"]
[Site "Koge"]
[Date "2021.05.14"]
[Round "1"]
[White "Sylvan, Jacob"]
[Black "Steenstrup, Svend"]
[Result "1-0"]
[WhiteElo "2297"]
[BlackElo "2009"]
[PlyCount "43"]
[EventDate "2021.05.14"]
[EventType "swiss"]
[EventRounds "5"]
[EventCountry "DEN"]

1. c4 e5 2. Nc3 Nf6 3. Nf3 Nc6 4. e4 Bb4 5. d3 h6 6. a3 Bxc3+ 7. bxc3 d6 8. Be2
Qe7 9. a4 Bd7 10. a5 O-O 11. h3 b6 12. a6 Na5 13. g4 Nh7 14. Rg1 Ng5 15. h4 Ne6
16. g5 h5 17. Nh2 f5 18. exf5 Rxf5 19. Bxh5 Raf8 20. Bg6 Nc5 21. Qh5 Nxd3+ 22.
Kd1 1-0

[Event "2. Koege Weekend EMT 2021"]
[Site "Koge"]
[Date "2021.05.14"]
[Round "1"]
[White "Brondal, Paul"]
[Black "Brondt, Nicolai Kvist"]
[Result "0-1"]
[WhiteElo "2057"]
[BlackElo "2270"]
[PlyCount "68"]
[EventDate "2021.05.14"]
[EventType "swiss"]
[EventRounds "5"]
[EventCountry "DEN"]

1. e4 c5 2. Nf3 e6 3. d4 cxd4 4. Nxd4 Nc6 5. Nc3 Qc7 6. Be3 a6 7. Qf3 d6 8. Qg3
Bd7 9. Nb3 b5 10. Bd3 Nf6 11. O-O h5 12. f3 Ne5 13. Qf2 Be7 14. Rad1 Rc8 15. a3
Qb8 16. Nb1 Nc4 17. Bc1 Bc6 18. Bxc4 bxc4 19. Nd4 Ba8 20. Qg3 g6 21. Nc3 h4 22.
Qe1 Qb7 23. b4 cxb3 24. Nxb3 Qc7 25. Bb2 Rh5 26. Kh1 d5 27. exd5 Nxd5 28. Nxd5
Rxd5 29. Na1 h3 30. g3 Rxd1 31. Qxd1 Qc4 32. Rf2 Rd8 33. Qf1 Qxf1+ 34. Rxf1
Bxf3+ 0-1

[Event "2. Koege Weekend EMT 2021"]
[Site "Koge"]
[Date "2021.05.14"]
[Round "1"]
[White "Pedersen, Henrik Dahl"]
[Black "Meskenas, Paulius"]
[Result "1-0"]
[WhiteElo "2241"]
[BlackElo "2062"]
[PlyCount "53"]
[EventDate "2021.05.14"]
[EventType "swiss"]
[EventRounds "5"]
[EventCountry "DEN"]

1. d4 Nf6 2. c4 g6 3. Nc3 d5 4. cxd5 Nxd5 5. Na4 c6 6. e4 Nb6 7. Be3 Bg7 8. Nf3
N8d7 9. Be2 O-O 10. O-O Nxa4 11. Qxa4 b5 12. Qc2 Bb7 13. a4 a6 14. Rfd1 Rc8 15.
a5 Qc7 16. e5 c5 17. e6 fxe6 18. Ng5 Bd5 19. dxc5 Be5 20. Bg4 Rf6 21. c6 Nf8
22. Rxd5 exd5 23. Bxc8 Qxc8 24. Rc1 Bc7 25. Qd2 Qd8 26. Bb6 Rd6 27. Qf4 1-0

[Event "2. Koege Weekend EMT 2021"]
[Site "Koge"]
[Date "2021.05.14"]
[Round "1"]
[White "Holmsoe, Finn"]
[Black "Thorsbro, Peter"]
[Result "0-1"]
[WhiteElo "2029"]
[BlackElo "2195"]
[PlyCount "31"]
[EventDate "2021.05.14"]
[EventType "swiss"]
[EventRounds "5"]
[EventCountry "DEN"]

1. e4 e5 2. Nf3 Nc6 3. c3 Nf6 4. d4 exd4 5. e5 Ne4 6. Qe2 Nc5 7. cxd4 Ne6 8.
Qe4 Bb4+ 9. Nc3 O-O 10. d5 Nc5 11. Qc4 b5 12. Qxb5 Ba6 13. Qxa6 Nxa6 14. Bxa6
Nxe5 15. Nxe5 Qf6 16. f4 0-1

[Event "2. Koege Weekend EMT 2021"]
[Site "Koge"]
[Date "2021.05.14"]
[Round "1"]
[White "Kistrup, Nicolai"]
[Black "Falkesgaard, Jeppe Hald"]
[Result "1-0"]
[WhiteElo "2220"]
[BlackElo "1986"]
[PlyCount "53"]
[EventDate "2021.05.14"]
[EventType "swiss"]
[EventRounds "5"]
[EventCountry "DEN"]

1. d4 Nf6 2. c4 d6 3. Nc3 g6 4. e4 Bg7 5. Be2 O-O 6. Be3 e5 7. d5 Na6 8. g4 Nc5
9. f3 Ne8 10. b4 Nd7 11. h4 a5 12. a3 f5 13. h5 f4 14. Bf2 g5 15. c5 dxc5 16.
bxc5 b6 17. d6 Nxc5 18. Bxc5 bxc5 19. Qd5+ Be6 20. Qxe6+ Kh8 21. h6 Bf6 22. d7
Nd6 23. Nd5 c6 24. Qxd6 cxd5 25. Qxd5 Ra7 26. Bb5 Qb6 27. Qc6 1-0

[Event "2. Koege Weekend EMT 2021"]
[Site "Koge"]
[Date "2021.05.15"]
[Round "2"]
[White "Sylvan, Jacob"]
[Black "Bjerre, Jonas Buhl"]
[Result "1-0"]
[WhiteElo "2297"]
[BlackElo "2557"]
[PlyCount "103"]
[EventDate "2021.05.14"]
[EventType "swiss"]
[EventRounds "5"]
[EventCountry "DEN"]

1. e4 c5 2. Nf3 d6 3. d4 cxd4 4. Nxd4 Nf6 5. Nc3 a6 6. Nb3 Nbd7 7. g4 h6 8. a4
b6 9. Bg2 Bb7 10. Qe2 Rc8 11. f4 g5 12. e5 Bxg2 13. Qxg2 dxe5 14. fxg5 hxg5 15.
Bxg5 Rc4 16. h3 Rg8 17. Be3 Qc8 18. Nd2 Qc6 19. Qxc6 Rxc6 20. g5 Nh5 21. Rf1 f6
22. Nde4 Kf7 23. O-O-O Ke6 24. h4 f5 25. Rxd7 Kxd7 26. Rxf5 Bg7 27. a5 bxa5 28.
Rf1 Rh8 29. Rd1+ Ke8 30. Bf2 Nf4 31. Rh1 Kf7 32. Kd2 Kg6 33. Ra1 Ng2 34. Rh1
Rd8+ 35. Ke2 Nf4+ 36. Kf3 a4 37. Kg4 Nh5 38. Ra1 Rb8 39. Rxa4 Rxb2 40. Nd5 Bf8
41. c4 e6 42. Ndf6 Nxf6+ 43. gxf6 Rb4 44. h5+ Kf7 45. Rxb4 Bxb4 46. c5 Kg8 47.
h6 Rc8 48. Kh5 Kh8 49. f7 Rf8 50. Kg6 Ba5 51. Bg3 Bc7 52. Nd6 1-0

[Event "2. Koege Weekend EMT 2021"]
[Site "Koge"]
[Date "2021.05.15"]
[Round "2"]
[White "Nielsen, Viktor Haarmark"]
[Black "Kistrup, Nicolai"]
[Result "1/2-1/2"]
[WhiteElo "2293"]
[BlackElo "2220"]
[PlyCount "65"]
[EventDate "2021.05.14"]
[EventType "swiss"]
[EventRounds "5"]
[EventCountry "DEN"]

1. e4 e5 2. Nf3 Nc6 3. Bb5 a6 4. Ba4 Nf6 5. O-O Be7 6. d3 b5 7. Bb3 d6 8. a4
Bd7 9. c3 O-O 10. Re1 Na5 11. Ba2 c5 12. axb5 axb5 13. Bg5 h6 14. Bxf6 Bxf6 15.
Nbd2 Bc6 16. b4 Nb7 17. Bb3 Rxa1 18. Qxa1 Qa8 19. Qb2 cxb4 20. cxb4 Nd8 21. Ra1
Qb7 22. Qa2 Kh7 23. Nf1 Ne6 24. Bxe6 fxe6 25. Qxe6 Re8 26. Qf5+ Kh8 27. Qg6 Rd8
28. Ne3 d5 29. exd5 Bxd5 30. Nxd5 Qxd5 31. Re1 Qxd3 32. Qxd3 Rxd3 33. h3
1/2-1/2

[Event "2. Koege Weekend EMT 2021"]
[Site "Koge"]
[Date "2021.05.15"]
[Round "2"]
[White "Thorsbro, Peter"]
[Black "Jacobsen, Mikkel Manosri"]
[Result "0-1"]
[WhiteElo "2195"]
[BlackElo "2286"]
[PlyCount "92"]
[EventDate "2021.05.14"]
[EventType "swiss"]
[EventRounds "5"]
[EventCountry "DEN"]

1. d4 Nf6 2. Nf3 e6 3. g3 b6 4. Bg2 Bb7 5. O-O Be7 6. c4 O-O 7. Nc3 d5 8. Ne5
h6 9. Qc2 c5 10. cxd5 cxd4 11. Nc6 Nxc6 12. dxc6 Bxc6 13. Bxc6 Rc8 14. Nb5 a6
15. Nxd4 Qxd4 16. Qa4 Qxa4 17. Bxa4 Rfd8 18. Rd1 Nd5 19. e4 b5 20. Bb3 Nb4 21.
Bd2 Nc2 22. Ba5 Nxa1 23. Bxd8 Nxb3 24. Bxe7 Rc1 25. Rxc1 Nxc1 26. Bb4 f5 27.
exf5 exf5 28. Bd2 Nxa2 29. Kf1 Kf7 30. Ke2 Ke6 31. Kd3 Kd5 32. Kc2 Kc4 33. b3+
Kc5 34. Be3+ Kd5 35. Bd2 b4 36. Kb2 Nc3 37. Bxc3 bxc3+ 38. Kxc3 Ke4 39. Kb4 Kf3
40. Ka5 Kxf2 41. Kxa6 g5 42. b4 Kg2 43. b5 f4 44. gxf4 gxf4 45. b6 f3 46. b7 f2
0-1

[Event "2. Koege Weekend EMT 2021"]
[Site "Koge"]
[Date "2021.05.15"]
[Round "2"]
[White "Ramsdal, Jens Albert"]
[Black "Eriksson, Christian Altenburg"]
[Result "1/2-1/2"]
[WhiteElo "2267"]
[BlackElo "2142"]
[PlyCount "119"]
[EventDate "2021.05.14"]
[EventType "swiss"]
[EventRounds "5"]
[EventCountry "DEN"]

1. c4 c5 2. Nf3 g6 3. e4 Nc6 4. d4 cxd4 5. Nxd4 Nf6 6. Nc3 d6 7. Be2 Nxd4 8.
Qxd4 Bg7 9. f3 O-O 10. Qf2 Be6 11. O-O Qa5 12. Bd2 Rfc8 13. b3 Ng4 14. fxg4
Bxc3 15. Bxc3 Qxc3 16. g5 Rc5 17. h4 a5 18. Rac1 Qb2 19. Bf3 Qe5 20. a4 Ra6 21.
Rce1 Ra8 22. Bd1 Rf8 23. Qd2 f6 24. gxf6 Rxf6 25. Rxf6 Qxf6 26. Qf2 Kg7 27. Rf1
Qxf2+ 28. Kxf2 Kf6 29. Ke3+ Ke5 30. g4 Rc8 31. g5 Rh8 32. h5 h6 33. Rg1 gxh5
34. Bxh5 b6 35. Bf3 hxg5 36. Rxg5+ Kf6 37. Rb5 Rb8 38. e5+ Kg7 39. exd6 exd6
40. Be4 Kf6 41. Kd4 Ke7 42. Rh5 Rf8 43. b4 axb4 44. Rb5 Rc8 45. Rxb4 Rc5 46.
Bd3 Ra5 47. Bc2 Ra6 48. Rb1 Bd7 49. Ra1 Kd8 50. Kc3 Ra5 51. Kb4 Rc5 52. Be4 Be6
53. Bd3 d5 54. cxd5 Bxd5 55. Bb5 Bc6 56. Rg1 Bxb5 57. axb5 Kc7 58. Rg7+ Kb8 59.
Rg4 Rc1 60. Rg8+ 1/2-1/2

[Event "2. Koege Weekend EMT 2021"]
[Site "Koge"]
[Date "2021.05.15"]
[Round "2"]
[White "Meskenas, Paulius"]
[Black "Moe, Mogens"]
[Result "1-0"]
[WhiteElo "2062"]
[BlackElo "2154"]
[PlyCount "53"]
[EventDate "2021.05.14"]
[EventType "swiss"]
[EventRounds "5"]
[EventCountry "DEN"]

1. e4 c5 2. c3 Nf6 3. e5 Nd5 4. d4 cxd4 5. cxd4 Nc6 6. Nf3 d6 7. Bc4 e6 8. O-O
Be7 9. Nbd2 Nb6 10. Bb3 d5 11. a3 a5 12. Bc2 Bd7 13. b3 Rc8 14. Bb2 Na7 15. Rc1
a4 16. bxa4 Nc4 17. Nxc4 dxc4 18. Be4 Bc6 19. Nd2 Bxe4 20. Nxe4 O-O 21. Rc3 Qd5
22. Qg4 Kh8 23. Rg3 g6 24. Qf4 Nc6 25. Rh3 Rg8 26. Qh6 Rg7 27. Nf6 1-0

[Event "2. Koege Weekend EMT 2021"]
[Site "Koge"]
[Date "2021.05.15"]
[Round "2"]
[White "Falkesgaard, Jeppe Hald"]
[Black "Liu, Casper Yukun"]
[Result "1-0"]
[WhiteElo "1986"]
[BlackElo "2127"]
[PlyCount "59"]
[EventDate "2021.05.14"]
[EventType "swiss"]
[EventRounds "5"]
[EventCountry "DEN"]

1. c4 Nf6 2. Nc3 c6 3. Nf3 d5 4. e3 a6 5. b3 Bg4 6. Be2 Nbd7 7. d4 e6 8. O-O
Bd6 9. Bb2 h5 10. Nd2 Bxe2 11. Qxe2 Ng4 12. h3 f5 13. f4 Ngf6 14. Nf3 Ne4 15.
Nxe4 fxe4 16. Ne5 Qf6 17. Rac1 Ke7 18. Bc3 Rag8 19. Qe1 g5 20. Bb4 g4 21. Bxd6+
Kxd6 22. Qb4+ Kc7 23. Nxd7 Qh4 24. Nc5 b6 25. Nxe6+ Kd7 26. cxd5 gxh3 27. Rxc6
hxg2 28. Qd6+ Ke8 29. Rc8+ Kf7 30. Rc7+ 1-0

[Event "2. Koege Weekend EMT 2021"]
[Site "Koge"]
[Date "2021.05.15"]
[Round "2"]
[White "Easwaralingam, Adesh"]
[Black "Brondal, Paul"]
[Result "1-0"]
[WhiteElo "2150"]
[BlackElo "2057"]
[PlyCount "51"]
[EventDate "2021.05.14"]
[EventType "swiss"]
[EventRounds "5"]
[EventCountry "DEN"]

1. e4 c6 2. Nc3 d5 3. Nf3 Nf6 4. e5 Ne4 5. Ne2 Qb6 6. d4 c5 7. dxc5 Qxc5 8.
Nfd4 f6 9. f3 fxe5 10. fxe4 exd4 11. exd5 Qxd5 12. Qxd4 Qxd4 13. Nxd4 e5 14.
Nb5 Bb4+ 15. c3 Ba5 16. Be3 Ke7 17. Bc5+ Kf6 18. Bc4 Nc6 19. Rf1+ Kg6 20. Nd6
Nd8 21. Bd3+ Kh6 22. Be3+ g5 23. Rf6+ Kh5 24. Nxc8 Rxc8 25. Be2+ g4 26. Rh6#
1-0

[Event "2. Koege Weekend EMT 2021"]
[Site "Koge"]
[Date "2021.05.15"]
[Round "2"]
[White "Steenstrup, Svend"]
[Black "Holmsoe, Finn"]
[Result "1-0"]
[WhiteElo "2009"]
[BlackElo "2029"]
[PlyCount "55"]
[EventDate "2021.05.14"]
[EventType "swiss"]
[EventRounds "5"]
[EventCountry "DEN"]

1. d4 Nf6 2. c4 c5 3. d5 e5 4. Nc3 d6 5. e4 Be7 6. Be2 Nbd7 7. g4 O-O 8. g5 Ne8
9. h4 Nb6 10. a4 Bd7 11. a5 Nc8 12. Bg4 Nc7 13. Nh3 Na6 14. h5 g6 15. hxg6 hxg6
16. Bf5 Kg7 17. Qg4 Nb8 18. Bd2 Rh8 19. f4 a6 20. Ke2 gxf5 21. exf5 Bxf5 22.
Qxf5 Qd7 23. Qe4 Bd8 24. Nf2 exf4 25. Rxh8 Kxh8 26. Rh1+ Kg8 27. Qh7+ Kf8 28.
Qh8+ 1-0

[Event "2. Koege Weekend EMT 2021"]
[Site "Koge"]
[Date "2021.05.15"]
[Round "3"]
[White "Jacobsen, Mikkel Manosri"]
[Black "Boe Olsen, Filip"]
[Result "1/2-1/2"]
[WhiteElo "2286"]
[BlackElo "2398"]
[PlyCount "69"]
[EventDate "2021.05.14"]
[EventType "swiss"]
[EventRounds "5"]
[EventCountry "DEN"]

1. d4 Nf6 2. Nf3 d5 3. c4 e6 4. e3 a6 5. b3 c5 6. Be2 Nc6 7. O-O cxd4 8. exd4
Be7 9. Bb2 O-O 10. Nbd2 dxc4 11. bxc4 b6 12. Rc1 Bb7 13. Bd3 b5 14. d5 exd5 15.
cxb5 Nb4 16. Bb1 axb5 17. a3 Nc6 18. Rxc6 Bxc6 19. Bxf6 Bxf6 20. Qc2 g6 21.
Qxc6 Rxa3 22. Qxb5 Qa5 23. Qxa5 Rxa5 24. Nb3 Rb5 25. Nbd4 Rb2 26. Rd1 Ra8 27.
Bc2 Raa2 28. h3 Bxd4 29. Nxd4 Rxc2 30. Nxc2 Rxc2 31. Rxd5 Rc1+ 32. Kh2 Rc2 33.
Kg3 Rc3+ 34. Kh2 Rc2 35. Kg3 1/2-1/2

[Event "2. Koege Weekend EMT 2021"]
[Site "Koge"]
[Date "2021.05.15"]
[Round "3"]
[White "Bromann, Thorbjorn"]
[Black "Sylvan, Jacob"]
[Result "1/2-1/2"]
[WhiteElo "2392"]
[BlackElo "2297"]
[PlyCount "37"]
[EventDate "2021.05.14"]
[EventType "swiss"]
[EventRounds "5"]
[EventCountry "DEN"]

1. b3 e5 2. Bb2 Nc6 3. e3 Nf6 4. Bb5 Bd6 5. Na3 Na5 6. Be2 a6 7. c4 O-O 8. Nb1
Re8 9. Nf3 e4 10. Nd4 Bf8 11. d3 c5 12. Nc2 d5 13. cxd5 exd3 14. Qxd3 Qxd5 15.
Qxd5 Nxd5 16. Bf3 Be6 17. Nc3 Nxc3 18. Bxc3 Nc6 19. Na3 1/2-1/2

[Event "2. Koege Weekend EMT 2021"]
[Site "Koge"]
[Date "2021.05.15"]
[Round "3"]
[White "Kistrup, Nicolai"]
[Black "Brondt, Nicolai Kvist"]
[Result "1-0"]
[WhiteElo "2220"]
[BlackElo "2270"]
[PlyCount "55"]
[EventDate "2021.05.14"]
[EventType "swiss"]
[EventRounds "5"]
[EventCountry "DEN"]

1. d4 Nf6 2. c4 c6 3. Nf3 d5 4. e3 Bf5 5. Nc3 e6 6. Nh4 Be4 7. f3 Bg6 8. Qb3
Qc7 9. Bd2 Be7 10. g3 Bh5 11. O-O-O Nfd7 12. Rg1 a5 13. e4 a4 14. Qc2 dxc4 15.
Bxc4 a3 16. d5 axb2+ 17. Kb1 Nc5 18. Bf4 e5 19. Nf5 O-O 20. d6 Bxd6 21. Rxd6
exf4 22. gxf4 g6 23. Qf2 Ne6 24. Rxe6 Ra5 25. Qd4 Rxf5 26. exf5 fxe6 27. Bxe6+
Rf7 28. Ne4 1-0

[Event "2. Koege Weekend EMT 2021"]
[Site "Koge"]
[Date "2021.05.15"]
[Round "3"]
[White "Bjerre, Jonas Buhl"]
[Black "Nielsen, Viktor Haarmark"]
[Result "1-0"]
[WhiteElo "2557"]
[BlackElo "2293"]
[PlyCount "53"]
[EventDate "2021.05.14"]
[EventType "swiss"]
[EventRounds "5"]
[EventCountry "DEN"]

1. d4 Nf6 2. c4 e6 3. Nf3 d5 4. g3 Bb4+ 5. Nbd2 dxc4 6. Bg2 c5 7. dxc5 Nc6 8.
O-O Bxc5 9. Nxc4 Qxd1 10. Rxd1 Ne4 11. Be3 Bxe3 12. Nxe3 Ke7 13. Nd4 Nxd4 14.
Rxd4 Nf6 15. Rc1 Rd8 16. Rc7+ Rd7 17. Rdxd7+ Nxd7 18. Bxb7 Bxb7 19. Rxb7 h5 20.
Nc4 f6 21. b3 e5 22. f4 exf4 23. gxf4 g6 24. e4 Ke6 25. f5+ gxf5 26. exf5+ Ke7
27. Kf2 1-0

[Event "2. Koege Weekend EMT 2021"]
[Site "Koge"]
[Date "2021.05.15"]
[Round "3"]
[White "Steenstrup, Svend"]
[Black "Ramsdal, Jens Albert"]
[Result "0-1"]
[WhiteElo "2009"]
[BlackElo "2267"]
[PlyCount "48"]
[EventDate "2021.05.14"]
[EventType "swiss"]
[EventRounds "5"]
[EventCountry "DEN"]

1. d4 Nf6 2. c4 e6 3. g3 d5 4. Bg2 Be7 5. Nf3 O-O 6. O-O dxc4 7. Qc2 a6 8. a4
Bd7 9. Na3 b5 10. Ne5 Ra7 11. axb5 axb5 12. Bd2 c5 13. dxc5 Bxc5 14. b4 Bd6 15.
Bc3 Be8 16. Qb2 Nd5 17. Rad1 Nxc3 18. Qxc3 Qe7 19. Nc2 Ra2 20. f4 f6 21. Nf3
Nc6 22. Nfd4 Nxd4 23. Rxd4 Bg6 24. e4 Qa7 0-1

[Event "2. Koege Weekend EMT 2021"]
[Site "Koge"]
[Date "2021.05.15"]
[Round "3"]
[White "Pedersen, Henrik Dahl"]
[Black "Falkesgaard, Jeppe Hald"]
[Result "1-0"]
[WhiteElo "2241"]
[BlackElo "1986"]
[PlyCount "57"]
[EventDate "2021.05.14"]
[EventType "swiss"]
[EventRounds "5"]
[EventCountry "DEN"]

1. c4 Nf6 2. Nc3 g6 3. g3 Bg7 4. Bg2 O-O 5. e3 d6 6. Nge2 e5 7. O-O Nc6 8. d4
Ne7 9. b3 Rb8 10. Ba3 exd4 11. Nxd4 Nf5 12. Rc1 Re8 13. Nde2 Bd7 14. Nf4 Qc8
15. Qd2 Nh6 16. Bb2 g5 17. Nfd5 Bh3 18. Nxf6+ Bxf6 19. Nd5 Be5 20. f4 Bxb2 21.
Qxb2 Bxg2 22. Nf6+ Kf8 23. Nxh7+ Kg8 24. Nf6+ Kf8 25. Kxg2 Rxe3 26. Nd5 Re8 27.
fxg5 Qg4 28. Qh8+ Ng8 29. Qxg8+ 1-0

[Event "2. Koege Weekend EMT 2021"]
[Site "Koge"]
[Date "2021.05.15"]
[Round "3"]
[White "Kakulidis, Ellen"]
[Black "Thorsbro, Peter"]
[Result "0-1"]
[WhiteElo "2103"]
[BlackElo "2195"]
[PlyCount "86"]
[EventDate "2021.05.14"]
[EventType "swiss"]
[EventRounds "5"]
[EventCountry "DEN"]

1. d4 f5 2. Nc3 Nf6 3. Bg5 d5 4. e3 Be6 5. Nf3 g6 6. Be2 Nbd7 7. Bf4 c6 8. Ne5
Bg7 9. h4 Ne4 10. Nxe4 fxe4 11. Nxd7 Qxd7 12. h5 O-O-O 13. c3 Bf7 14. Bg4 Be6
15. Be2 Bf7 16. Qa4 a6 17. Qa5 Rde8 18. Bg4 e6 19. Qb6 Bf8 20. hxg6 Bxg6 21.
O-O-O Bd6 22. Bxd6 Qxd6 23. Rh6 Qf8 24. Rdh1 Qxf2 25. Qa7 Qxe3+ 26. Kb1 Kc7 27.
Ka1 Ref8 28. a4 Qd3 29. Bxe6 Qc4 30. Qc5 Qxa4+ 31. Qa3 Qxa3+ 32. bxa3 Rf6 33.
Bf5 Rxf5 34. Rxg6 hxg6 35. Rxh8 Rg5 36. Rh7+ Kb6 37. Kb2 Rxg2+ 38. Kb3 a5 39.
Re7 a4+ 40. Kxa4 Rb2 41. c4 dxc4 42. Rxe4 Ka6 43. d5 b5# 0-1

[Event "2. Koege Weekend EMT 2021"]
[Site "Koge"]
[Date "2021.05.15"]
[Round "3"]
[White "Meskenas, Paulius"]
[Black "Easwaralingam, Adesh"]
[Result "1/2-1/2"]
[WhiteElo "2062"]
[BlackElo "2150"]
[PlyCount "61"]
[EventDate "2021.05.14"]
[EventType "swiss"]
[EventRounds "5"]
[EventCountry "DEN"]

1. e4 c5 2. c3 Nf6 3. e5 Nd5 4. d4 cxd4 5. cxd4 e6 6. Nf3 d6 7. Bc4 Be7 8. O-O
O-O 9. a3 b6 10. b4 Bb7 11. Qb3 Nd7 12. Bb2 Rc8 13. Nbd2 dxe5 14. dxe5 a6 15.
Bd3 b5 16. Be4 N7b6 17. Rac1 Qd7 18. g3 Rxc1 19. Rxc1 Rc8 20. Rxc8+ Qxc8 21.
Qd3 h6 22. Kg2 Qa8 23. Bd4 g5 24. h3 Nc4 25. Kg1 a5 26. Nxc4 bxc4 27. Qxc4 axb4
28. axb4 Nxb4 29. Bxb7 Qxb7 30. Nd2 Nd5 31. Qd3 1/2-1/2

[Event "2. Koege Weekend EMT 2021"]
[Site "Koge"]
[Date "2021.05.15"]
[Round "3"]
[White "Eriksson, Christian Altenburg"]
[Black "Nilssen, Ellen Fredericia"]
[Result "1-0"]
[WhiteElo "2142"]
[BlackElo "2121"]
[PlyCount "57"]
[EventDate "2021.05.14"]
[EventType "swiss"]
[EventRounds "5"]
[EventCountry "DEN"]

1. e4 c5 2. Nc3 d6 3. f4 Nc6 4. Nf3 g6 5. Bc4 Bg7 6. O-O e6 7. d4 Nxd4 8. Be3
Nxf3+ 9. Qxf3 Ne7 10. f5 gxf5 11. exf5 Bxc3 12. fxe6 Bxe6 13. Bxe6 fxe6 14.
bxc3 Qc7 15. Qf7+ Kd7 16. Rf6 Kc6 17. Qxe6 Nd5 18. Rf5 Nxe3 19. Qe4+ Kb6 20.
Rb1+ Ka6 21. Qxe3 b6 22. Qf3 Rac8 23. Rb3 Qc6 24. Ra3+ Kb7 25. Rf7+ Rc7 26.
Rxc7+ Kxc7 27. Rxa7+ Kc8 28. Qxc6+ Kb8 29. Ra8# 1-0